000 00564nam a2200169Ia 4500
005 20250508155249.0
008 008 250505s9999 xx 000 0 eng d
037 _aBooks to be hide in OPAC
040 _aFEDL
_beng
_cFEDL
041 _aeng
_2eng
084 _a379.145 4, IND/O
_qFEDL
245 0 _aCode of regulations for European schools in Indian and Burma 1905 edition for the use of schools in the province of eastern Bengal and Assam
260 _c1911
300 _a47p.
942 _cHB
_h379.145 4, IND/O
999 _c1355629
_d1355629